| 000 | 00409nam a2200145Ia 4500 | ||
|---|---|---|---|
| 008 | 230917s9999||||xx |||||||||||||| ||und|| | ||
| 040 |
_e185042 _aMAIN |
||
| 041 | _aEnglish | ||
| 082 | _a658.4 G557W | ||
| 100 | _aGoffee, Rob | ||
| 245 | 0 | _aWhy should anyone be led by you: What it takes to be an authentic leader | |
| 260 |
_aBoston _bHarvard Busiess School Press _c2006 |
||
| 300 | _a241 p. | ||
| 942 | _cBK | ||
| 999 |
_c164241 _d164241 |
||